| 000 | nam a22 7a 4500 | ||
|---|---|---|---|
| 999 |
_c127219 _d127219 |
||
| 008 | 171110b xxu||||| |||| 00| 0 eng d | ||
| 050 | _aDC33.2.H83 1996 | ||
| 100 |
_aHuizinga, Johan _932799 |
||
| 245 |
_aThe autumn of the ages _c/ Johan Huizinga |
||
| 260 |
_aChicago _bUniversity of Chicago Press _c1996 |
||
| 300 |
_axxii, 467p. ; _c23cm. |
||
| 650 |
_aFrance _xCivilisation _y1328-1600 _937512 |
||
| 650 |
_aNetherlands _xCivilisation _937513 |
||
| 650 |
_aCivilisation, Medieval _937514 |
||
| 700 |
_aPayton, Rodney J. _etr. _937515 |
||
| 700 |
_aMammitzsch, Ulrich _etr. _937516 |
||
| 942 |
_2lcc _cMONOGRAPH |
||